Statystyki dla Właściwości wybranych pierwiastków chemicznych

Kliknij tutaj aby rozwiązać quiz!

Ogólne statystyki

  • Ten quiz został rozwiązany 17 razy
  • Średni wynik to 16 z 27

Statystyki odpowiedzi

HintOdpowiedź% Poprawnych
barII
100%
azotI,II,III,IV,V
100%
wodórI
67%
sódI
67%
potasI
67%
wapńII
67%
tlenII
67%
magnezII
67%
cynkII
67%
rtęćI,II
67%
miedźI,II
67%
srebroI,II
67%
glinIII
67%
żelazoII,III
67%
chromII,III,VI
67%
jodI,III,V,VII
67%
bromI,III,V,VII
67%
chlorI,III,V,VII
67%
fosfor(biały)III,V
67%
krzemII,IV
67%
cynaII,IV
67%
siarkaII,IV,VI
67%
nikielII,III
33%
węgielII,IV
33%
bizmutIII,V
33%
manganII,III,IV,IV,VII
0%
ołówII,IV,VI
0%

Rozkład punktacji

Percentyl według liczby udzielonych odpowiedzi

Procent ludzi z każdym wynikiem

Twoja historia wyników

Nie rozwiązałeś tego quizu